The economy of Bangladesh / (Record no. 2619)
[ view plain ]
| 000 -LEADER | |
|---|---|
| fixed length control field | 00850nam a2200277 4500 |
| 001 - CONTROL NUMBER | |
| control field | 2619 |
| 003 - CONTROL NUMBER IDENTIFIER | |
| rucl marc code | BD-RjUL |
| 005 - DATE AND TIME OF LATEST TRANSACTION | |
| control field | 20211208233605.0 |
| 008 - FIXED-LENGTH DATA ELEMENTS--GENERAL INFORMATION | |
| fixed length control field | 131212s1972 enkbd b 001 0 eng d |
| 020 ## - INTERNATIONAL STANDARD BOOK NUMBER | |
| International Standard Book Number | 0333145461 |
| 035 ## - SYSTEM CONTROL NUMBER | |
| System control number | (BD-RjUL)2646 |
| 040 ## - CATALOGING SOURCE | |
| Original cataloging agency | DLC |
| Transcribing agency | DLC |
| Modifying agency | DLC |
| -- | BD-RjUL |
| Language of cataloging | eng |
| 041 ## - LANGUAGE CODE | |
| Language code of text/sound track or separate title | eng |
| 082 00 - DEWEY DECIMAL CLASSIFICATION NUMBER | |
| Classification number | 330.9549205 |
| Author mark and year | KHE 1972 |
| 100 1# - MAIN ENTRY--PERSONAL NAME | |
| Personal name | Khan, Azizur Rahman. |
| 9 (RLIN) | 8468 |
| 245 14 - TITLE STATEMENT | |
| Title | The economy of Bangladesh / |
| Statement of responsibility, etc. | Azizur Rahman Khan |
| 260 ## - PUBLICATION, DISTRIBUTION, ETC. (IMPRINT) | |
| Place of publication, distribution, etc. | London ; |
| -- | New York : |
| Name of publisher, distributor, etc. | Macmillan ; |
| -- | St. Martin's Press, |
| Date of publication, distribution, etc. | c1972 |
| 300 ## - PHYSICAL DESCRIPTION | |
| Pagination | xviii, 196 p. : |
| Illustrations | illu,map, table ; |
| Size | 22 cm. |
| 350 ## - PRICE (NR) (BK AM CF MU VM SE) [OBSOLETE] | |
| Price | £4.95 |
| 504 ## - BIBLIOGRAPHY, ETC. NOTE | |
| Bibliography, etc | Includes bibliographical references. |
| 651 #0 - SUBJECT ADDED ENTRY--GEOGRAPHIC NAME | |
| Geographic name | Bangladesh |
| General subdivision | Economic conditions. |
| 9 (RLIN) | 8469 |
| Geographic name | Bangladesh |
| General subdivision | Economic policy. |
| 9 (RLIN) | 8470 |
| 942 ## - ADDED ENTRY ELEMENTS (KOHA) | |
| Source of classification or shelving scheme | Dewey Decimal Classification |
| Koha item type | Books |
| Lost status | Source of classification or shelving scheme | Damaged status | Not for loan | Collection code | Permanent Location | Current Location | Shelving location | Date acquired | Source of acquisition | Cost, normal purchase price | Total Checkouts | Full call number | Date last seen | Copy number | Koha item type | Date checked out |
|---|---|---|---|---|---|---|---|---|---|---|---|---|---|---|---|---|
| Dewey Decimal Classification | Non-fiction | Central Library, University of Rajshahi | Central Library, University of Rajshahi | 17/09/1984 | TOPPAN -TALIF | 26.25 | 330.9549205 KHE 1972 | 12/12/2013 | C-2 | Books | ||||||
| Dewey Decimal Classification | Non-fiction | Central Library, University of Rajshahi | Central Library, University of Rajshahi | 17/09/1984 | TOPPAN -TALIF | 26.25 | 1 | 330.9549205 KHE 1972 | 10/03/2016 | C-4 | Books | 28/02/2016 | ||||
| Dewey Decimal Classification | Not For Loan | Non-fiction | Central Library, University of Rajshahi | Central Library, University of Rajshahi | Reading Room | 17/09/1984 | TOPPAN -TALIF | 26.25 | 330.9549205 KHE 1972 | 12/12/2013 | C-1 | Books | ||||
| Dewey Decimal Classification | Non-fiction | Central Library, University of Rajshahi | Central Library, University of Rajshahi | 17/09/1984 | TOPPAN -TALIF | 26.25 | 3 | 330.9549205 KHE 1972 | 25/02/2017 | C-9 | Books | 22/02/2017 | ||||
| Dewey Decimal Classification | Non-fiction | Central Library, University of Rajshahi | Central Library, University of Rajshahi | 17/09/1984 | TOPPAN -TALIF | 26.25 | 1 | 330.9549205 KHE 1972 | 26/12/2015 | C-8 | Books | 05/12/2015 | ||||
| Dewey Decimal Classification | Non-fiction | Central Library, University of Rajshahi | Central Library, University of Rajshahi | 17/09/1984 | TOPPAN -TALIF | 26.25 | 2 | 330.9549205 KHE 1972 | 10/03/2016 | C-5 | Books | 28/02/2016 | ||||
| Dewey Decimal Classification | Non-fiction | Central Library, University of Rajshahi | Central Library, University of Rajshahi | 17/09/1984 | TOPPAN -TALIF | 26.25 | 2 | 330.9549205 KHE 1972 | 11/02/2017 | C-6 | Books | 24/01/2017 | ||||
| Dewey Decimal Classification | Non-fiction | Central Library, University of Rajshahi | Central Library, University of Rajshahi | 17/09/1984 | TOPPAN -TALIF | 26.25 | 2 | 330.9549205 KHE 1972 | 12/11/2019 | C-7 | Books | 29/10/2019 | ||||
| Dewey Decimal Classification | Non-fiction | Central Library, University of Rajshahi | Central Library, University of Rajshahi | 17/09/1984 | TOPPAN -TALIF | 26.25 | 330.9549205 KHE 1972 | 12/12/2013 | C-3 | Books | ||||||
| Dewey Decimal Classification | Non-fiction | Central Library, University of Rajshahi | Central Library, University of Rajshahi | 17/09/1984 | Tappam-Tulip | 26.25 | 330.9549205 KHE 1972 | 26/02/2014 | C-15 | Books | ||||||
| Dewey Decimal Classification | Fiction | Central Library, University of Rajshahi | Central Library, University of Rajshahi | 17/09/1984 | TOPPAN -TALIF | 26.25 | 1 | 330.9549205 KHE 1972 | 13/01/2016 | C-10 | Books | 13/01/2016 |